World Capitals Containing Y - Statistics

General Stats
  • This quiz has been taken 3,541 times
    467 since last reset
  • The average score is 11 of 19
Answer Stats
capital % Correct
Yerevan
80%
Tokyo
74%
Pyongyang
71%
Mexico City
70%
Panama City
69%
Reykjavik
68%
Riyadh
67%
Vatican City
66%
Guatemala City
65%
Yaoundé
65%
Yaren
62%
Kuwait City
60%
Yamoussoukro
56%
Naypyidaw
52%
Kyiv
49%
Port Moresby
47%
Conakry
45%
Niamey
44%
Sri Jayawarde- nepura Kotte
30%
No matching quizzes found
Score Distribution
Percent of People with Each Score
Percentile by Number Answered
Your Score History
You have not taken this quiz since the last reset